000
00200nam a22000977a 4500
082
_a
م ح م
100
_a
محمد زکریا
245
_a
فضاءل اعمال
260
_a
کراچی
942
_c
BK
999
_c
11711
_d
11711